History Quiz

Random History or Numbers Quiz

Federal Reserve Cities Quiz Stats

 Plays Quiz Updated Feb 23, 2019

Score 0/12 Timer 02:00
0 Plays Today
Number City % Correct
2New York, New York
96.1%
7Chicago, Illinois
84.2%
12San Francisco, California
82.3%
1Boston, Massachusetts
81.9%
11Dallas, Texas
81.3%
3Philadelphia, Pennsylvania
79.7%
6Atlanta, Georgia
74.4%
8St. Louis, Missouri
63.2%
4Cleveland, Ohio
49.9%
10Kansas City, Missouri
46.2%
9Minneapolis, Minnesota
45.7%
5Richmond, Virginia
35.7%

You're not logged in!

Compare scores with friends on all Sporcle quizzes.
OR
Log In

Sporcle TV

Today on Sporcle TV


Watch our educational content, quiz creation guides, and fun videos on Sporcle TV.

Show Comments

Extras

Top Quizzes Today


Score Distribution

Your Account Isn't Verified!

In order to create a playlist on Sporcle, you need to verify the email address you used during registration. Go to your Sporcle Settings to finish the process.

Report this User

Report this user for behavior that violates our Community Guidelines.

Details: